000 00363 a2200169 4500
001 184258
020 _a85-16-09576-5
040 _cMagnum
100 _aBandeira, Pedro
240 1 0 _aA droga da obediência
_lpor
245 1 0 _aA droga da obediência
300 _a190
362 0 _a2014
440 1 _aModerna
697 _aLITERATURA JUVENIL
942 _cBK
999 _c184258
_d184258